|
|
|
|
| LEADER |
00000ny a22000003n 4500 |
| 005 |
20110601131410.0 |
| 008 |
080508t2007 sp s 000 0 spa c |
| 020 |
|
|
|a 8498490383
|
| 035 |
|
|
|a 2225
|
| 040 |
|
|
|a UMA.RE
|d vLex
|
| 080 |
|
|
|a 347.51(460)(0.034)
|
| 090 |
|
|
|c 399
|d 399
|
| 100 |
1 |
|
|a Acedo Penco, ℓngel
|
| 245 |
1 |
0 |
|a Contratos y responsabilidad civil
|h [Recurso electrn̤ico]
|c ℓngel Acedo Penco
|
| 256 |
|
|
|a Servicio en ln̕ea
|
| 260 |
|
|
|a Madrid:
|b Dykinson,
|c 2007
|
| 506 |
1 |
|
|a Contenido solo disponible en los productos indicados
|d vLex Global
|d vLex Global (Academic Edition, excluding Law Schools)
|d vLex Global (U.S. Academic Edition, Law Schools)
|d vLex Global (U.S. Academic Edition, excluding Law Schools)
|d vLex Global (Academic Edition, Law Schools)
|
| 650 |
0 |
7 |
|a Responsabilidad civil
|2 Tesauro vLex
|
| 650 |
0 |
7 |
|a Civil
|2 Tesauro vLex
|
| 650 |
0 |
7 |
|a Contratos
|2 Tesauro vLex
|
| 740 |
0 |
|
|a vLex Libros (Servicios en ln̕ea)
|
| 856 |
4 |
0 |
|u http://vlex.com/source/2225
|z Acceso restringido
|
| 942 |
|
|
|c BOOK
|
| 999 |
0 |
|
|a Liability (Law)
|b Madrid
|